Science Quiz

Random Science or Animal Quiz
Score 0/90 Timer 07:00
2 Plays Today
Dog Parts Dog Breeds % Correct
BLOOBloodhound
91.5%
DHOBloodhound
91.5%
UNDBloodhound
91.5%
POOPoodle
88.8%
DLPoodle
88.8%
EPoodle
88.8%
LANDNewfoundland
86.1%
NEWFNewfoundland
86.1%
OUNDNewfoundland
86.1%
POMEPomeranian
80.9%
RANPomeranian
80.9%
IANPomeranian
80.9%
LALabrador
70.6%
BRALabrador
70.6%
DORLabrador
70.6%
GRGreyhound
69.4%
EYHGreyhound
69.4%
OUNDGreyhound
69.4%
SHShih-tzu
68.3%
IH-TShih-Tzu
68.3%
ZUShih-tzu
68.3%
RORottweiler
66.7%
ILERRottweiler
66.7%
TTWERottweiler
66.7%
DACDachshund
66.3%
HUNDDachshund
66.3%
HSDachshund
66.3%
BEBeagle
57.4%
AGBeagle
57.4%
LEBeagle
57.4%
Dog Parts Dog Breeds % Correct
BULBullmastiff
56.5%
LMASBullmastiff
56.5%
TIFFBullmastiff
56.5%
DADalmatian
56.4%
LMADalmatian
56.4%
TIANDalmatian
56.4%
PEKPekingese
56%
INPekingese
56%
GESEPekingese
56%
SHAShar-Pei
54.2%
R-PShar-Pei
54.2%
EIShar-Pei
54.2%
RRITerrier
53.9%
ERTerrier
53.9%
TETerrier
53.9%
AKAkita
51.5%
IAkita
51.5%
TAAkita
51.5%
SCSchnauzer
50.6%
ZERSchnauzer
50.6%
HNAUSchnauzer
50.6%
AIRAiredale
49.4%
ALEAiredale
49.4%
EDAiredale
49.4%
HUHusky
48.9%
SKHusky
48.9%
YHusky
48.9%
MARAWeimaraner
46.4%
WEIWeimaraner
46.4%
NERWeimaraner
46.4%
Dog Parts Dog Breeds % Correct
OGSheepdog
44.8%
SHESheepdog
44.8%
EPDSheepdog
44.8%
WHWhippet
42.4%
PAPPapillon
42.4%
ONPapillon
42.4%
ILLPapillon
42.4%
IPWhippet
42.4%
PETWhippet
42.4%
MAMaltese
39.6%
LTEMaltese
39.6%
SEMaltese
39.6%
ALSAlsatian
38.8%
ATAlsatian
38.8%
IANAlsatian
38.8%
SASamoyed
28.5%
MOSamoyed
28.5%
YEDSamoyed
28.5%
KEEKeeshond
23.4%
NDKeeshond
23.4%
SHOKeeshond
23.4%
RZBorzoi
22.8%
BOBorzoi
22.8%
OIBorzoi
22.8%
ESEHavanese
21.6%
VANHavanese
21.6%
HAHavanese
21.6%
POPointer
19.7%
INPointer
19.7%
TERPointer
19.7%
Remove Ads.
Support Sporcle.
Get the best of Sporcle when you Go Orange. This ad-free experience offers more features, more stats, and more fun while also helping to support Sporcle. Thank you for becoming a member.

You're not logged in!

Compare scores with friends on all Sporcle quizzes.
OR
Log In

Sporcle TV

Today on Sporcle TV


Watch our educational content, quiz creation guides, and fun videos on Sporcle TV.

Show Comments

Extras

Top Quizzes Today


Score Distribution

Paid Content

Your Account Isn't Verified!

In order to create a playlist on Sporcle, you need to verify the email address you used during registration. Go to your Sporcle Settings to finish the process.

Report this User

Report this user for behavior that violates our Community Guidelines.

Details: